00704nam a2200241 a 4500001001300000003000900013005001700022008004100039020002300080082001500103100002200118245001600140260004000156300000900196500003500205505002400240650002800264700002200292902000800314942000700322952011600329999001700445nice12345678IN_TiNIC20260116014020.0050524s2003 jeda grp 000 0 eng  a0340444 c12100a158.1bLUN aLunden, Stephen C aFish Sticks aJeddahbHodder and Stoughton c2003 a122p aincludes index and biblioraphy2 aBibliography, Index aPersonality Development1 aLunden, Stephen C bSRS cBK 001040708StackRoom-aHMIbHMId2007-03-15g121.00l0o158.1 LUNp020372r2007-03-15v121.00w2005-05-24yBK c13509d13509